000 00714nam a22001937a 4500
003 BD-DhUL
005 20190320105546.0
008 180306s1991 xx ||||| |||| 00| 0 eng |
040 _aBD-DhUL
_cBD-DhUL
082 _a341.133
_bUNR
110 2 _aUnited Nations
245 1 _aResolutions and decisions adopted by the general assembly during its forty-fourth session : V. 2 /
_cUnited Nations.
260 _aNew York :
_bUnited Nations,
_c1991.
300 _av. ;
_c28 cm
500 _a"General assembly, official records: forty-fourth session, supplement no. 49 A (A/44/49/Add.1)".
505 _aContents: v. 2. 29 December 1989-17 September 1990.
650 0 _aUnited Nations
_xResolutions
942 _2ddc
_cBK
999 _c246659
_d246659